Always be testing (Record no. 35651)
[ view plain ]
| 000 -LEADER | |
|---|---|
| fixed length control field | 01446nam a2200373Ia 4500 |
| 082 04 - DEWEY DECIMAL CLASSIFICATION NUMBER | |
| Classification number | 658.8/72 |
| 100 1# - MAIN ENTRY--AUTHOR NAME | |
| Personal name | Eisenberg, Bryan. |
| 245 10 - TITLE STATEMENT | |
| Title | Always be testing |
| 260 ## - PUBLICATION, DISTRIBUTION, ETC. (IMPRINT) | |
| Place of publication | Indianapolis, Ind. : |
| Name of publisher | Wiley Publishing, |
| Year of publication | c2008. |
| 300 ## - PHYSICAL DESCRIPTION | |
| Number of Pages | xxxii, 302 p. : |
| Other physical details | ill. |
| 490 1# - SERIES STATEMENT | |
| Series statement | Serious skills |
| 650 #0 - SUBJECT ADDED ENTRY--TOPICAL TERM | |
| Topical Term | Internet marketing |
| Topical Term | Electronic commerce. |
| Topical Term | Web site development. |
| 700 1# - ADDED ENTRY--PERSONAL NAME | |
| Personal name | Quarto-vonTivadar, John, |
| Personal name | Davis, Lisa T. |
| 856 40 - ELECTRONIC LOCATION AND ACCESS | |
| Uniform Resource Identifier | http://site.ebrary.com/lib/rucke/Doc?id=10250311 |
No items available.
